000 00372 a2200169 4500
001 157155
020 _a9788516113353
040 _cEscola São Tomás de Aquino
100 _aBALTHASAR, Marisa
240 1 0 _aSingular & plural
_lpor
245 1 0 _aSingular & plural
300 _a304 p.
362 0 _a2018
440 1 _aModerna
697 _aPortuguês
942 _cBK
999 _c157155
_d157155